| 000 | 01401cad a22002175a 4500 | ||
|---|---|---|---|
| 001 | L140722 | ||
| 008 | 071008e20071004xxk f f000 0 eng d | ||
| 035 | _a(Sirsi) u140722 | ||
| 041 | 0 | _aeng | |
| 050 | 0 | 4 | _a306.026 $2 18 |
| 110 | 1 |
_aUnited Kingdom _bDepartment for Communities and Local Government _94939 |
|
| 245 | 0 | 0 |
_aGypsy and traveller accommodation needs assessments _bguidance _h[electronic resource] |
| 260 |
_aLondon _bDCLG _c2007 |
||
| 520 | _aProvides advice on performing assessment of the accommodation needs of gypsies and travellers. Outlines basic principles which should be followed, but stresses that the exact approach must be tailored to the particular local situation. Explains why the Accommodation Needs Assessment is required. Sets out what it should contain and the people who should be surveyed. Describes key differences between the gypsy and traveller communities and the settled community. Explains how and why their accommodation needs differ. Suggests timescales for performing and updating Accommodation Needs Assessment. | ||
| 590 | _aKA | ||
| 650 | 2 | 4 | _aHOUSING ACT 2004 S225 |
| 651 | 4 |
_aUnited Kingdom _y |
|
| 690 | _aPROPERTY-RESIDENTIAL PROPERTY-TEMPORARY AND MOBILE RESIDENTIAL PROPERTY | ||
| 856 | 4 | 0 |
_uhttps://www.communities.gov.uk/documents/housing/pdf/accommneedsassessments.pdf _zView the item free of charge at www.communities.gov.uk... |
| 942 | _n0 | ||
| 999 |
_c107535 _d107535 |
||